| 000 | 00384nam a2200133Ia 4500 | ||
|---|---|---|---|
| 005 | 20260328101509.0 | ||
| 008 | 260328s9999||||xx |||||||||||||| ||und|| | ||
| 100 | _aEscovar Wilson-White, Alberto | ||
| 245 | 0 |
_aLa Historia de Frente : _b Arquitectura de Bogotá / _cAlberto Escovar Wilson-White |
|
| 260 | _bLetrarte | ||
| 300 | _a275 p. | ||
| 650 | _aARQUITECTURA REGIONAL | ||
| 942 | _cBK | ||
| 999 |
_c9116 _d9116 |
||